[Event "36th Rilton Cup"]
[Site "Stockholm SWE"]
[Date "2006.12.30"]
[Round "4.10"]
[White "Lindberg, Henrik"]
[Black "Bellon Lopez, Juan Manuel"]
[Result "0-1"]
[WhiteElo "2295"]
[BlackElo "2516"]
[EventDate "2006.12.27"]
[PlyCount "74"]

1.e4 c5 2.Nf3 e6 3.d4 cxd4 4.Nxd4 a6 5.Nc3 b5 6.Bd3 Bb7 7.O-O Bc5 8.Nb3 
Be7 9.Qg4 g6 10.Bf4 b4 11.Nd1 Nc6 12.Re1 d6 13.a3 a5 14.a4 Nf6 15.Qe2 Nh5 
16.Be3 O-O 17.Bh6 Re8 18.Ne3 Bf6 19.Nc4 Ne5 20.Rab1 Bc6 21.Nxe5 Bxe5 22.
Bb5 Bxb5 23.Qxb5 Qh4 24.h3 g5 25.Nd2 Nf4 26.Nf3 Qxh6 27.Nxe5 dxe5 28.Qxe5 
Qg7 29.Qb5 Reb8 30.Qc6 Rc8 31.Qb7 Qe5 32.Rbd1 Qc7 33.Qb5 h6 34.Rd7 Qxc2 
35.Qb7 Qxb2 36.Rxf7 Rf8 37.e5 Rxf7 0-1

[Event "36th Rilton Cup"]
[Site "Stockholm SWE"]
[Date "2006.12.30"]
[Round "4.11"]
[White "Lindberg, Bengt"]
[Black "Barkhudarian, Rafael"]
[Result "1-0"]
[WhiteElo "2484"]
[BlackElo "2259"]
[EventDate "2006.12.27"]
[PlyCount "51"]

1.e4 c5 2.Nf3 g6 3.d4 Bg7 4.dxc5 Qa5+ 5.c3 Qxc5 6.Na3 b6 7.Nb5 Bb7 8.Be3 
Qc8 9.Bd4 Nf6 10.e5 Nh5 11.Qd2 O-O 12.Be2 f6 13.exf6 Nxf6 14.Rd1 d6 15.O-O
Ne4 16.Qc2 Bxd4 17.Nbxd4 e5 18.Qb3+ Kh8 19.Ne6 Rf6 20.Neg5 Nc5 21.Qc2 Qc6 
22.b4 Ne4 23.Nxe4 Qxe4 24.Qxe4 Bxe4 25.Ng5 Bc6 26.b5 1-0

[Event "36th Rilton Cup"]
[Site "Stockholm SWE"]
[Date "2006.12.30"]
[Round "4.12"]
[White "Berg, Emanuel"]
[Black "Eriksson, Jorgen"]
[Result "1-0"]
[WhiteElo "2667"]
[BlackElo "2265"]
[EventDate "2006.12.27"]
[PlyCount "67"]

1.e4 e6 2.d4 d5 3.e5 c5 4.c3 Nc6 5.Nf3 Bd7 6.Bd3 Rc8 7.a3 cxd4 8.cxd4 Qb6 
9.Bc2 Nxd4 10.Nxd4 Bc5 11.Nf3 Bxf2+ 12.Ke2 f6 13.Nc3 fxe5 14.Nxe5 Nf6 15.
Qd3 Bg1 16.Kd1 Rf8 17.Bd2 Bxh2 18.Nxd7 Kxd7 19.Ba4+ Kd8 20.Kc2 Bd6 21.Rae1
e5 22.Kb1 e4 23.Qb5 Qxb5 24.Nxb5 Bc5 25.Bg5 h6 26.Bxf6+ Rxf6 27.Rh5 g5 28.
Nc3 Bd4 29.Nb5 Bf2 30.Rd1 e3 31.Rxd5+ Ke7 32.Nd4 Rc4 33.Bb3 Rc7 34.Nf5+ 
1-0

[Event "36th Rilton Cup"]
[Site "Stockholm SWE"]
[Date "2006.12.30"]
[Round "4.13"]
[White "Hillarp Persson, Tiger"]
[Black "Johansson, Carl-Fredrik"]
[Result "1-0"]
[WhiteElo "2600"]
[BlackElo "2191"]
[EventDate "2006.12.27"]
[PlyCount "87"]

1.d4 Nf6 2.c4 c5 3.d5 e5 4.Nc3 d6 5.e4 Be7 6.g3 Nbd7 7.Bg2 a6 8.a4 b6 9.f4
O-O 10.Nf3 exf4 11.gxf4 Ng4 12.O-O Bf6 13.h3 Bxc3 14.hxg4 Bd4+ 15.Nxd4 
cxd4 16.Qxd4 Nc5 17.Ra3 Bxg4 18.b4 Nd7 19.Bb2 f6 20.Rg3 h5 21.a5 bxa5 22.
c5 Rb8 23.c6 Rxb4 24.Qf2 Nc5 25.Bd4 Rb5 26.Qc2 a4 27.Rc3 Nb3 28.Bf2 Qa5 
29.Re1 Rc8 30.e5 fxe5 31.fxe5 Rxd5 32.Rxb3 Rc5 33.Qd3 axb3 34.exd6 Re5 35.
Qxb3+ Be6 36.Rxe5 Qxe5 37.d7 Rd8 38.c7 Rxd7 39.c8=Q+ Kh7 40.Qcc2+ Bf5 41.
Qc1 Rd3 42.Qbb2 Rd1+ 43.Qxd1 Qxb2 44.Qxh5+ 1-0

[Event "36th Rilton Cup"]
[Site "Stockholm SWE"]
[Date "2006.12.30"]
[Round "4.14"]
[White "Marttala, Thomas"]
[Black "Cicak, Slavko"]
[Result "0-1"]
[WhiteElo "2299"]
[BlackElo "2545"]
[EventDate "2006.12.27"]
[PlyCount "76"]

1.e4 d5 2.exd5 Qxd5 3.Nc3 Qd6 4.d4 c6 5.g3 Nf6 6.Bg2 g6 7.Nge2 Bg7 8.O-O 
O-O 9.Bf4 Qd8 10.Qc1 Na6 11.Be5 Nc7 12.Nf4 Bh6 13.Qe1 Bf5 14.Qe2 Nd7 15.
Bxc7 Qxc7 16.Nd3 Bg7 17.d5 Bxc3 18.bxc3 cxd5 19.Bxd5 Nf6 20.Bg2 Rac8 21.
Rfe1 Rfe8 22.Ne5 b6 23.Qa6 Nd7 24.Nxd7 Qxd7 25.Rad1 Qc7 26.Re3 Bxc2 27.
Rde1 Bf5 28.Qe2 Be6 29.h4 Bc4 30.Qg4 Bxa2 31.h5 Kg7 32.hxg6 hxg6 33.Rxe7 
Rxe7 34.Rxe7 Qxe7 35.Qxc8 Qe1+ 36.Bf1 Be6 37.Qd8 Bh3 38.Qd4+ f6 0-1

[Event "36th Rilton Cup"]
[Site "Stockholm SWE"]
[Date "2006.12.30"]
[Round "4.15"]
[White "Howell, David"]
[Black "Jansson, Anders Owen"]
[Result "1-0"]
[WhiteElo "2471"]
[BlackElo "2159"]
[EventDate "2006.12.27"]
[PlyCount "51"]

1.e4 c5 2.c3 Nf6 3.e5 Nd5 4.Nf3 Nc6 5.Bc4 Nb6 6.Bb3 c4 7.Bc2 Qc7 8.Qe2 h6 
9.Na3 Qb8 10.O-O g5 11.h3 Bg7 12.Re1 h5 13.Nxc4 Nxc4 14.Qxc4 Nxe5 15.Nxe5 
Bxe5 16.d4 Bf6 17.d5 b6 18.a4 d6 19.Be3 Bd7 20.Bd4 Kf8 21.Rxe7 Bxe7 22.
Bxh8 f6 23.Qe4 Qe8 24.Qh7 Qf7 25.Qh6+ Kg8 26.Bg6 1-0

[Event "36th Rilton Cup"]
[Site "Stockholm SWE"]
[Date "2006.12.30"]
[Round "4.16"]
[White "Adler, Bo"]
[Black "Akesson, Ralf"]
[Result "0-1"]
[WhiteElo "2145"]
[BlackElo "2582"]
[EventDate "2006.12.27"]
[PlyCount "66"]

1.d4 Nf6 2.c4 g6 3.Nc3 d5 4.cxd5 Nxd5 5.e4 Nxc3 6.bxc3 Bg7 7.Bc4 c5 8.Ne2 
O-O 9.O-O Nc6 10.Be3 Bg4 11.f3 Na5 12.Bd3 cxd4 13.cxd4 Be6 14.Rc1 Bxa2 15.
Qa4 Be6 16.d5 Bd7 17.Qb4 e6 18.Bf4 Rc8 19.Rxc8 Bxc8 20.Rc1 Nc6 21.dxc6 
Qxd3 22.cxb7 Bxb7 23.Qxb7 Qxe2 24.Qxa7 Rd8 25.Be3 h5 26.h3 Be5 27.f4 Bc3 
28.Kh2 Be1 29.Qe7 Bg3+ 30.Kxg3 Qxe3+ 31.Kh4 Qxf4+ 32.g4 Rd3 33.Rc8+ Kh7 
0-1

[Event "36th Rilton Cup"]
[Site "Stockholm SWE"]
[Date "2006.12.30"]
[Round "4.17"]
[White "Smith, Axel"]
[Black "Netzer, Jean"]
[Result "1-0"]
[WhiteElo "2319"]
[BlackElo "2404"]
[EventDate "2006.12.27"]
[PlyCount "79"]

1.e4 c5 2.Nf3 e6 3.d4 cxd4 4.Nxd4 Nc6 5.Nc3 Qc7 6.Be3 a6 7.Qd2 Nf6 8.O-O-O
Bb4 9.f3 Ne5 10.Nb3 b5 11.Kb1 Nc4 12.Bxc4 bxc4 13.Nc1 Rb8 14.N1e2 O-O 15.
g4 d6 16.h4 Bb7 17.h5 Nxe4 18.fxe4 Bxe4 19.Rh3 Qb7 20.Ka1 Bf3 21.Rxf3 Qxf3
22.h6 e5 23.hxg7 Rfd8 24.Bh6 f5 25.Qd5+ Qxd5 26.Nxd5 f4 27.Ng3 Kf7 28.Ne4 
Bc5 29.Nef6 Rg8 30.Nxg8 Rxg8 31.Rf1 Rxg7 32.Bxg7 Kxg7 33.Nxf4 exf4 34.Rxf4
c3 35.b4 Ba7 36.Rc4 Kg6 37.Rc6 Kg5 38.Rxd6 Be3 39.Rxa6 Kxg4 40.b5 1-0

[Event "36th Rilton Cup"]
[Site "Stockholm SWE"]
[Date "2006.12.30"]
[Round "4.18"]
[White "Kolbus, Dietmar"]
[Black "Steneskog, Per"]
[Result "0-1"]
[WhiteElo "2397"]
[BlackElo "2246"]
[EventDate "2006.12.27"]
[PlyCount "82"]

1.c4 e6 2.Nf3 d5 3.d4 c5 4.cxd5 exd5 5.g3 Nc6 6.Bg2 Nf6 7.O-O Be7 8.Nc3 
O-O 9.dxc5 Bxc5 10.Na4 Be7 11.Be3 Re8 12.Nd4 Bg4 13.f3 Bd7 14.Nxc6 bxc6 
15.Rc1 Qa5 16.Bc5 Bxc5+ 17.Rxc5 Qa6 18.Kf2 Re7 19.Re1 Rae8 20.e3 h5 21.Bf1
Qb7 22.h4 Bg4 23.Qc2 Bxf3 24.Kxf3 Qb4 25.Re2 Qg4+ 26.Kf2 Ne4+ 27.Kg1 Qxg3+
28.Kh1 Nxc5 29.Nxc5 Rxe3 30.Rh2 Re1 31.Qf2 Qg4 32.b3 Ra1 33.Rg2 Qh3+ 34.
Kg1 Ree1 35.b4 Rxf1+ 36.Qxf1 Qe3+ 37.Rf2 Qg3+ 38.Rg2 Qe3+ 39.Rf2 Rxf1+ 40.
Kxf1 Qh3+ 41.Ke2 Qg4+ 0-1

[Event "36th Rilton Cup"]
[Site "Stockholm SWE"]
[Date "2006.12.30"]
[Round "4.19"]
[White "Grandelius, Nils"]
[Black "Leer-Salvesen, Bjarte"]
[Result "1/2-1/2"]
[WhiteElo "2308"]
[BlackElo "2389"]
[EventDate "2006.12.27"]
[PlyCount "42"]

1.e4 e6 2.d4 d5 3.Nc3 Bb4 4.e5 c5 5.a3 Bxc3+ 6.bxc3 Nc6 7.Qg4 g6 8.Qd1 Qa5
9.Bd2 c4 10.h4 h6 11.Nh3 Bd7 12.Be2 O-O-O 13.f4 f5 14.Qb1 Qa4 15.Qb2 Kc7 
16.Kf2 Nge7 17.Ng1 Nc8 18.Bf3 Nb6 19.Ne2 h5 20.Rhb1 Rb8 21.Ra2 Nc8 1/2-1/2

[Event "36th Rilton Cup"]
[Site "Stockholm SWE"]
[Date "2006.12.30"]
[Round "4.20"]
[White "Furhoff, Johan"]
[Black "Hansen, Evgenia"]
[Result "1/2-1/2"]
[WhiteElo "2430"]
[BlackElo "2173"]
[EventDate "2006.12.27"]
[PlyCount "99"]

1.e4 d6 2.f4 e5 3.Nc3 Nf6 4.Nf3 Nbd7 5.Bc4 Be7 6.d3 c6 7.a4 b6 8.O-O Qc7 
9.Ba2 a6 10.Ng5 O-O 11.f5 Bb7 12.g4 d5 13.h4 Bb4 14.Qe2 Bxc3 15.bxc3 Nc5 
16.Ba3 Rfe8 17.Bxc5 bxc5 18.Nh3 a5 19.g5 Nd7 20.Nf2 Qd6 21.Ng4 c4 22.dxc4 
Ba6 23.Rad1 Qc5+ 24.Kh2 Nb6 25.Qe3 Qxe3 26.Nxe3 dxc4 27.Rd6 Rac8 28.f6 
Red8 29.Rfd1 Rxd6 30.Rxd6 gxf6 31.gxf6 Kf8 32.Ng4 Nxa4 33.Nxe5 Nc5 34.Nxc4
Nxe4 35.Rd7 Nxf6 36.Ra7 Bxc4 37.Bxc4 Ng4+ 38.Kg3 Ne5 39.Bd3 h6 40.Kf4 Ng6+
41.Bxg6 fxg6 42.Ke5 Rd8 43.Rxa5 Rd5+ 44.Rxd5 cxd5 45.Kxd5 g5 46.hxg5 hxg5 
47.c4 g4 48.Ke4 Ke7 49.c5 Kd7 50.Kf4 1/2-1/2

[Event "36th Rilton Cup"]
[Site "Stockholm SWE"]
[Date "2006.12.30"]
[Round "4.21"]
[White "Pettersson, Tobias"]
[Black "Engqvist, Thomas"]
[Result "0-1"]
[WhiteElo "2243"]
[BlackElo "2405"]
[EventDate "2006.12.27"]
[PlyCount "142"]

1.d4 d5 2.c4 c6 3.cxd5 cxd5 4.Nc3 Nf6 5.Bf4 Nc6 6.e3 a6 7.Bd3 e6 8.Rc1 Be7
9.h3 O-O 10.Nf3 Bd7 11.O-O b5 12.Ne5 Na5 13.Qe2 Be8 14.Nb1 Ra7 15.Rc2 Nc4 
16.Rfc1 Bd6 17.b3 Na5 18.Bg5 h6 19.Bh4 g5 20.Bg3 Ne4 21.Rc8 Nxg3 22.Rxd8 
Nxe2+ 23.Bxe2 Bxe5 24.dxe5 Bd7 25.Rxf8+ Kxf8 26.h4 Nc6 27.hxg5 hxg5 28.f4 
gxf4 29.exf4 f6 30.exf6 Kf7 31.Kf2 Kxf6 32.Nd2 e5 33.fxe5+ Kxe5 34.Nf3+ 
Kd6 35.Bd3 Ra8 36.a3 b4 37.axb4 Nxb4 38.Bf1 Nc6 39.Ke3 a5 40.Bb5 Re8+ 41.
Kf2 Nb4 42.Bf1 Bf5 43.Ra1 Ra8 44.Rc1 Nc2 45.Ke2 Rb8 46.Kd2 Rxb3 47.Rxc2 
Bxc2 48.Kxc2 a4 49.Nd4 Rb8 50.Kc3 Rg8 51.Kb2 Kc5 52.Ne6+ Kb4 53.Nc7 d4 54.
Na6+ Ka5 55.Nc5 Rg3 56.Nd3 Kb5 57.Ka3 Ka5 58.Kb2 Kb6 59.Ka2 Kc6 60.Kb2 Kd5
61.Ka2 Kc4 62.Nb2+ Kb4 63.Nd3+ Ka5 64.Kb2 Rg8 65.Ka3 Rc8 66.Kb2 Rc3 67.g4 
a3+ 68.Kb1 Ka4 69.g5 Kb3 70.g6 a2+ 71.Ka1 Ka3 0-1

[Event "36th Rilton Cup"]
[Site "Stockholm SWE"]
[Date "2006.12.30"]
[Round "4.22"]
[White "Nithander, Victor"]
[Black "Mardell, Jimmy"]
[Result "1-0"]
[WhiteElo "2401"]
[BlackElo "2101"]
[EventDate "2006.12.27"]
[PlyCount "113"]

1.e4 c5 2.Nf3 d6 3.d4 cxd4 4.Nxd4 Nf6 5.Nc3 g6 6.Be3 Bg7 7.f3 O-O 8.Qd2 
Nc6 9.Bc4 Bd7 10.O-O-O Rb8 11.Bb3 Na5 12.Nde2 Nxb3+ 13.cxb3 a5 14.g4 b5 
15.g5 b4 16.Na4 Nh5 17.Kb1 Rb7 18.Ng3 Bxa4 19.bxa4 Qd7 20.Nxh5 gxh5 21.b3 
Rc8 22.Rc1 Rbc7 23.Rxc7 Qxc7 24.Rc1 Qb7 25.Qd5 Rxc1+ 26.Bxc1 Qa7 27.f4 Bc3
28.a3 h4 29.axb4 axb4 30.f5 Kg7 31.h3 Be5 32.Qd3 e6 33.Be3 Qb7 34.fxe6 
fxe6 35.a5 Kf7 36.a6 Qa8 37.Qc4 d5 38.exd5 exd5 39.Qf1+ Ke6 40.Qe2 Kd6 41.
Bd2 Bc3 42.Bf4+ Kc6 43.Qe6+ Kb5 44.Be3 d4 45.Qd7+ Kxa6 46.Qa4+ Kb7 47.Qb5+
Kc8 48.Qe8+ Kb7 49.Qe4+ Kb8 50.Bf4+ Ka7 51.Qxh7+ Kb6 52.Qc7+ Kb5 53.Qc4+ 
Kb6 54.Bc7+ Kb7 55.Qd5+ Ka7 56.Qxa8+ Kxa8 57.Be5 1-0

[Event "36th Rilton Cup"]
[Site "Stockholm SWE"]
[Date "2006.12.30"]
[Round "4.23"]
[White "Hultin, Per"]
[Black "Aguettaz, Maxime"]
[Result "1-0"]
[WhiteElo "2153"]
[BlackElo "2300"]
[EventDate "2006.12.27"]
[PlyCount "67"]

1.d4 Nf6 2.c4 g6 3.Nc3 Bg7 4.e4 d6 5.f3 O-O 6.Be3 c5 7.dxc5 dxc5 8.Qxd8 
Rxd8 9.Bxc5 Nc6 10.Nge2 Nd7 11.Ba3 Nde5 12.Nf4 Nd4 13.O-O-O Bh6 14.g3 
Nexf3 15.Bxe7 Re8 16.Nd5 f5 17.Nf6+ Kf7 18.Nxe8 Kxe8 19.Bf6 Ne6 20.e5 Nxf4
21.gxf4 Bxf4+ 22.Kc2 Bd7 23.Bg2 Bc6 24.Rd6 Be4+ 25.Kd1 Rc8 26.b3 g5 27.Ke2
g4 28.Rhd1 Bxh2 29.Rd7 Nxe5 30.Re7+ Kf8 31.Bxe4 fxe4 32.Rxh7 Bf4 33.Rh8+ 
Kf7 34.Bxe5 1-0

[Event "36th Rilton Cup"]
[Site "Stockholm SWE"]
[Date "2006.12.30"]
[Round "4.24"]
[White "Heden, Gustav"]
[Black "Semcesen, Daniel"]
[Result "0-1"]
[WhiteElo "1929"]
[BlackElo "2369"]
[EventDate "2006.12.27"]
[PlyCount "96"]

1.c4 e6 2.Nc3 d5 3.cxd5 exd5 4.d4 Nf6 5.g3 c6 6.Bg2 Bf5 7.Nf3 Bd6 8.O-O 
O-O 9.Ne1 Nbd7 10.f3 Re8 11.Bg5 h6 12.Bxf6 Nxf6 13.Qb3 Qd7 14.Nc2 b5 15.a4
b4 16.Na2 Rxe2 17.Naxb4 a5 18.Nd3 Qa7 19.Kh1 Rb8 20.Qc3 Qa6 21.Rfd1 Qc4 
22.Nce1 Qxc3 23.bxc3 Nd7 24.Bf1 Ree8 25.Rab1 Nb6 26.Nc2 Nc4 27.Kg1 Rxb1 
28.Rxb1 Nd2 29.Rd1 Nxf3+ 30.Kf2 Nxh2 31.Ne3 Ng4+ 32.Nxg4 Bxg4 33.Rb1 Rb8 
34.Rxb8+ Bxb8 35.Nc5 Bd6 36.Nb7 Bc7 37.c4 dxc4 38.Bxc4 Be6 39.Be2 Bd5 40.
Bd1 f5 41.Nc5 Kf7 42.Bc2 g6 43.Nb3 h5 44.Nd2 Kf6 45.Nb1 Bb6 46.Ke3 c5 47.
dxc5 Bxc5+ 48.Kf4 g5# 0-1

[Event "36th Rilton Cup"]
[Site "Stockholm SWE"]
[Date "2006.12.30"]
[Round "4.25"]
[White "Kosmo, Santul"]
[Black "Rouhani, Arash"]
[Result "0-1"]
[WhiteElo "2280"]
[BlackElo "1935"]
[EventDate "2006.12.27"]
[PlyCount "70"]

1.e4 c5 2.Nf3 d6 3.d4 cxd4 4.Nxd4 Nf6 5.Nc3 Nc6 6.Bc4 e6 7.Be3 Be7 8.Qe2 
O-O 9.Bb3 Bd7 10.O-O-O a6 11.Rhg1 b5 12.Nxc6 Bxc6 13.e5 Ne8 14.f4 Qb8 15.
Bd4 a5 16.a4 bxa4 17.Nxa4 Qb4 18.Nb6 Rb8 19.Nc4 d5 20.Ne3 a4 21.Ba2 Nc7 
22.c3 Qb7 23.f5 Bg5 24.Bb1 Nb5 25.Rd2 Nxd4 26.cxd4 a3 27.h4 axb2+ 28.Kd1 
Qb3+ 29.Nc2 Bxd2 30.Qxd2 Ba4 31.Ke2 Qc4+ 32.Kf2 Bxc2 33.Bxc2 Rfc8 34.Bb1 
Qc1 35.Qd3 Qc3 0-1

[Event "36th Rilton Cup"]
[Site "Stockholm SWE"]
[Date "2006.12.30"]
[Round "4.26"]
[White "Pelto, Juho"]
[Black "Byklum, Bjornar"]
[Result "0-1"]
[WhiteElo "1991"]
[BlackElo "2275"]
[EventDate "2006.12.27"]
[PlyCount "44"]

1.e4 c5 2.c3 Nf6 3.e5 Nd5 4.d4 cxd4 5.Nf3 e6 6.cxd4 d6 7.a3 Nc6 8.Bd3 Qc7 
9.Qe2 Nxd4 10.Nxd4 Qxc1+ 11.Qd1 Qxd1+ 12.Kxd1 dxe5 13.Nf3 f6 14.Nbd2 Bd7 
15.g3 Bc6 16.Ke2 Bd6 17.Rhd1 O-O 18.Nc4 Bc7 19.Rac1 Rfd8 20.h4 Rd7 21.Re1 
Rad8 22.Red1 Nb6 0-1

[Event "36th Rilton Cup"]
[Site "Stockholm SWE"]
[Date "2006.12.31"]
[Round "5.1"]
[White "Kotronias, Vassilios"]
[Black "Ulybin, Mikhail"]
[Result "1/2-1/2"]
[WhiteElo "2699"]
[BlackElo "2506"]
[EventDate "2006.12.27"]
[PlyCount "137"]

1.e4 e6 2.d4 d5 3.Nd2 Nf6 4.e5 Nfd7 5.c3 c5 6.Bd3 Nc6 7.Ne2 cxd4 8.cxd4 f6
9.exf6 Nxf6 10.Nf3 Bd6 11.O-O Qc7 12.Bg5 O-O 13.Bh4 Nh5 14.Qc2 h6 15.Bh7+ 
Kh8 16.Bg6 Rxf3 17.Bxh5 Rf8 18.Bg3 Bd7 19.Rad1 Be8 20.Bg4 Rf6 21.b4 a6 22.
a3 Bg6 23.Qc3 Bf5 24.Bxf5 exf5 25.Bxd6 Qxd6 26.Qc5 Rd8 27.Rfe1 Re6 28.Ng3 
Rxe1+ 29.Rxe1 Qf6 30.Rd1 f4 31.Nf1 f3 32.g3 Qf5 33.Qc3 Rf8 34.Rd3 g5 35.
Nd2 g4 36.Re3 Rf6 37.h3 h5 38.Nf1 Re6 39.Qd2 Rxe3 40.Qxe3 Kg7 41.Kh2 Qf6 
42.Qe8 Qf7 43.Qc8 gxh3 44.Ne3 Kg6 45.g4 Nxd4 46.gxh5+ Kh7 47.Qg4 Ne2 48.
Kxh3 Nf4+ 49.Kg3 Nxh5+ 50.Kh4 Ng7 51.Qd4 Ne6 52.Qd3+ Qg6 53.Qxg6+ Kxg6 54.
Kg4 d4 55.Nc4 b5 56.Ne5+ Kf6 57.Nc6 d3 58.Kxf3 Nf4 59.Ke3 Ke6 60.Nd4+ Ke5 
61.Nb3 Ne6 62.Kxd3 Kd5 63.f3 Nf4+ 64.Kc3 Ne6 65.Nd2 Nd4 66.Kd3 Nc6 67.f4 
a5 68.bxa5 Nxa5 69.Ne4 1/2-1/2

[Event "36th Rilton Cup"]
[Site "Stockholm SWE"]
[Date "2006.12.31"]
[Round "5.2"]
[White "Nyback, Tomi"]
[Black "Karlsson, Lars"]
[Result "1-0"]
[WhiteElo "2606"]
[BlackElo "2531"]
[EventDate "2006.12.27"]
[PlyCount "69"]

1.Nf3 e6 2.c4 f5 3.g3 Nf6 4.Bg2 Be7 5.O-O O-O 6.d4 d5 7.b3 Nc6 8.Nc3 Ne4 
9.Bb2 Bf6 10.e3 b6 11.Rc1 Bb7 12.Ne2 Qd7 13.Nf4 Rfd8 14.cxd5 exd5 15.Ne5 
Qe8 16.Qc2 Bxe5 17.dxe5 Rac8 18.Ba1 Nb4 19.Qb2 c5 20.Rfd1 d4 21.exd4 Rxd4 
22.Rxd4 cxd4 23.Rxc8 Qxc8 24.Qxd4 Nc2 25.Qd1 Nxf2 26.Kxf2 Bxg2 27.Nxg2 
Qc5+ 28.Kf1 Qb5+ 29.Kg1 Qc5+ 30.Kh1 Qc6 31.Qc1 Qe4 32.Bb2 Kf7 33.Qd2 Kg6 
34.Kg1 a5 35.Nf4+ 1-0

[Event "36th Rilton Cup"]
[Site "Stockholm SWE"]
[Date "2006.12.31"]
[Round "5.3"]
[White "Gleizerov, Evgeny"]
[Black "Bindrich, Falko"]
[Result "1-0"]
[WhiteElo "2560"]
[BlackElo "2482"]
[EventDate "2006.12.27"]
[PlyCount "61"]

1.d4 Nf6 2.c4 e6 3.g3 Bb4+ 4.Bd2 c5 5.Bxb4 cxb4 6.Bg2 O-O 7.e4 d6 8.Ne2 e5
9.a3 bxa3 10.Nxa3 Nc6 11.O-O Bg4 12.f3 Bh5 13.Qd2 Qb6 14.Rad1 Rad8 15.Kh1 
Rfe8 16.g4 Bg6 17.Qc3 h5 18.g5 Nh7 19.h4 f6 20.gxf6 Nxf6 21.Nc2 Qc7 22.d5 
Nb8 23.Bh3 Rf8 24.Ne3 Qb6 25.Ng3 Na6 26.Rg1 Be8 27.Be6+ Kh7 28.Nef5 Bg6 
29.Qd2 Qb3 30.Rdf1 Nc5 31.Qg5 1-0

[Event "36th Rilton Cup"]
[Site "Stockholm SWE"]
[Date "2006.12.31"]
[Round "5.4"]
[White "Fontaine, Robert"]
[Black "Bellon Lopez, Juan Manuel"]
[Result "1-0"]
[WhiteElo "2557"]
[BlackElo "2516"]
[EventDate "2006.12.27"]
[PlyCount "83"]

1.e4 c5 2.Nf3 e6 3.d4 cxd4 4.Nxd4 Nc6 5.Nc3 Qc7 6.Be3 Nf6 7.a3 Be7 8.Be2 
O-O 9.f4 Nxd4 10.Qxd4 d5 11.e5 Nd7 12.Nb5 Qb8 13.Qc3 a6 14.Nd4 Nc5 15.Nf5 
exf5 16.Bxc5 Bxc5 17.Qxc5 Be6 18.O-O-O b6 19.Qe3 Ra7 20.Rd4 b5 21.Bd3 Rc7 
22.g4 Qc8 23.Qh3 Rc4 24.Bxc4 fxg4 25.Qe3 bxc4 26.f5 Bxf5 27.Rxd5 h6 28.
Rhd1 Kh7 29.Rc5 Qb7 30.Rxc4 Re8 31.b3 Qe7 32.Rc5 Bg6 33.Kb2 f5 34.Rd6 Qg5 
35.Qc3 f4 36.Rd7 Re6 37.Rcc7 h5 38.Rxg7+ Kh6 39.Rg8 Qxe5 40.Rh8+ Kg5 41.
Rc5 Qxc5 42.Qxc5+ 1-0

[Event "36th Rilton Cup"]
[Site "Stockholm SWE"]
[Date "2006.12.31"]
[Round "5.5"]
[White "Cramling, Pia"]
[Black "Lindberg, Bengt"]
[Result "1/2-1/2"]
[WhiteElo "2583"]
[BlackElo "2484"]
[EventDate "2006.12.27"]
[PlyCount "123"]

1.d4 Nf6 2.Nf3 e6 3.c4 b6 4.Nc3 Bb4 5.Qb3 c5 6.Bg5 Bb7 7.O-O-O Bxc3 8.Qxc3
Ne4 9.Bxd8 Nxc3 10.bxc3 Kxd8 11.d5 exd5 12.cxd5 d6 13.e4 f6 14.Nh4 g6 15.
f4 Nd7 16.Bd3 Kc7 17.Nf3 Rae8 18.Rhe1 a6 19.c4 Rhg8 20.g3 Bc8 21.Rd2 h6 
22.Nh4 g5 23.Nf5 gxf4 24.gxf4 Rg4 25.Rf2 Nf8 26.e5 fxe5 27.Nxh6 Rh4 28.Nf7
Nd7 29.Kd2 Rf8 30.Ng5 Rfh8 31.Ne6+ Kb8 32.Ree2 exf4 33.Nxf4 Ne5 34.Kc3 Rf8
35.Ng6 Rxf2 36.Rxf2 Nxg6 37.Bxg6 Rh3+ 38.Bd3 Bd7 39.Rf7 Kc7 40.a3 Kd8 41.
Kd2 Rxh2+ 42.Kc3 b5 43.Rf8+ Ke7 44.Ra8 bxc4 45.Bxc4 Bb5 46.Bxb5 axb5 47.
Rb8 Rh3+ 48.Kb2 Rd3 49.Rxb5 Rxd5 50.a4 Rh5 51.a5 Rh8 52.Rb7+ Ke6 53.a6 Ra8
54.a7 Kd5 55.Kc3 Kc6 56.Rh7 d5 57.Kd3 Kb6 58.Rh5 Kc6 59.Rh7 Kb6 60.Rh5 Rd8
61.a8=Q Rxa8 62.Rxd5 1/2-1/2

[Event "36th Rilton Cup"]
[Site "Stockholm SWE"]
[Date "2006.12.31"]
[Round "5.6"]
[White "Engqvist, Thomas"]
[Black "Rozentalis, Eduardas"]
[Result "0-1"]
[WhiteElo "2405"]
[BlackElo "2591"]
[EventDate "2006.12.27"]
[PlyCount "126"]

1.d4 Nf6 2.Bg5 g6 3.Nf3 Bg7 4.Nbd2 c6 5.e4 d5 6.Bd3 h6 7.Bxf6 exf6 8.c3 
O-O 9.O-O dxe4 10.Nxe4 f5 11.Ned2 c5 12.Nb3 cxd4 13.Nbxd4 Nd7 14.Re1 Nc5 
15.Bc2 a5 16.Nb3 Qxd1 17.Raxd1 Na4 18.Rb1 Nb6 19.Nbd4 a4 20.a3 Ra5 21.Re2 
Bf6 22.Rbe1 Kg7 23.Bb1 Rc5 24.Ba2 Nc4 25.Bxc4 Rxc4 26.Ne5 Rc5 27.f4 Rd8 
28.Nef3 Kf8 29.h3 b6 30.Kh2 Ba6 31.Re3 Bb7 32.g4 fxg4 33.hxg4 g5 34.fxg5 
hxg5 35.Kg3 Bc8 36.Re4 Kg7 37.R1e2 Rh8 38.Re8 Bd7 39.Rxh8 Kxh8 40.Re4 b5 
41.Ne1 Kg7 42.Nd3 Rc8 43.Nf2 b4 44.cxb4 Kf8 45.Nd3 Rd8 46.Nc5 Be8 47.Nde6+
fxe6 48.Nxe6+ Ke7 49.Nxd8+ Kxd8 50.Re2 Bb5 51.Rc2 Kd7 52.Rc5 Be2 53.Ra5 
Bxb2 54.Rxg5 Bc4 55.b5 Bxa3 56.Rg7+ Kc8 57.b6 Bd6+ 58.Kh4 a3 59.Ra7 a2 60.
g5 Be5 61.Kh5 a1=Q 62.Rxa1 Bxa1 63.Kg6 Bg8 0-1

[Event "36th Rilton Cup"]
[Site "Stockholm SWE"]
[Date "2006.12.31"]
[Round "5.7"]
[White "Akesson, Joel"]
[Black "Berg, Emanuel"]
[Result "0-1"]
[WhiteElo "2366"]
[BlackElo "2667"]
[EventDate "2006.12.27"]
[PlyCount "68"]

1.d4 e6 2.c4 Bb4+ 3.Bd2 Bxd2+ 4.Qxd2 Nf6 5.Nc3 O-O 6.Nf3 d6 7.g3 Qe7 8.Bg2
h6 9.O-O Nbd7 10.Rac1 a6 11.Rfd1 Rb8 12.b4 Nb6 13.c5 Nc4 14.Qd3 Nb2 15.Qc2
Nxd1 16.Nxd1 e5 17.dxe5 dxe5 18.Ne3 e4 19.Nd2 Re8 20.a3 Bd7 21.Ndc4 Bb5 
22.Na5 Qe6 23.a4 b6 24.axb5 bxa5 25.bxa6 Rxb4 26.c6 Rb6 27.Qc5 Rxa6 28.Nf5
Qe5 29.Qc4 Raa8 30.Bh3 a4 31.f4 exf3 32.exf3 a3 33.f4 Qb2 34.Rc2 a2 0-1

[Event "36th Rilton Cup"]
[Site "Stockholm SWE"]
[Date "2006.12.31"]
[Round "5.8"]
[White "Semcesen, Daniel"]
[Black "Hansen, Lars Bo"]
[Result "0-1"]
[WhiteElo "2369"]
[BlackElo "2575"]
[EventDate "2006.12.27"]
[PlyCount "126"]

1.d4 Nf6 2.c4 e6 3.Nf3 d5 4.Nc3 Nbd7 5.Bg5 c6 6.cxd5 exd5 7.e3 Be7 8.Bd3 
Ne4 9.Bxe7 Qxe7 10.Qc2 Ndf6 11.Bxe4 Nxe4 12.Nxe4 dxe4 13.Nd2 f5 14.O-O O-O
15.f3 exf3 16.Rxf3 Be6 17.Re1 Rad8 18.e4 Bd5 19.Rfe3 fxe4 20.Nxe4 Qh4 21.
a3 Rd7 22.Qd2 Rdf7 23.Nc3 Qf4 24.h3 Bc4 25.Ne4 Bd5 26.Ng3 Re7 27.Nf1 Rxe3 
28.Qxe3 Qf6 29.Qd2 Rd8 30.Qb4 b6 31.Nd2 Qg6 32.Re2 Rf8 33.Qe7 a5 34.Qe3 h6
35.Kh2 Kh7 36.Ne4 Rf1 37.Nc3 Bc4 38.Rf2 Qd6+ 39.g3 Rxf2+ 40.Qxf2 Qg6 41.
Qd2 Qf5 42.Nd1 Be6 43.g4 Qf3 44.Nf2 Kg8 45.Nd3 Bd5 46.Nf4 Qh1+ 47.Kg3 Qg1+
48.Ng2 a4 49.h4 g5 50.Kh3 Kf7 51.hxg5 Qh1+ 52.Kg3 hxg5 53.Qe2 Qxg2+ 54.
Qxg2 Bxg2 55.Kxg2 Ke6 56.Kf3 Kd5 57.Ke3 Kc4 58.Ke4 Kb3 59.Kf5 Kxb2 60.Kxg5
Kxa3 61.Kf5 Kb4 62.g5 a3 63.g6 a2 0-1

[Event "36th Rilton Cup"]
[Site "Stockholm SWE"]
[Date "2006.12.31"]
[Round "5.9"]
[White "Byklum, Bjornar"]
[Black "Hillarp Persson, Tiger"]
[Result "0-1"]
[WhiteElo "2275"]
[BlackElo "2600"]
[EventDate "2006.12.27"]
[PlyCount "72"]

1.e4 g6 2.d4 Bg7 3.Nc3 d6 4.Be3 a6 5.f4 b5 6.Bd3 Bb7 7.Nf3 Nd7 8.e5 Nh6 9.
Qe2 Nb6 10.O-O-O Qd7 11.h3 Nf5 12.Bf2 e6 13.Kb1 Ne7 14.Be3 Ned5 15.Nxd5 
Bxd5 16.Rhf1 b4 17.g4 O-O 18.f5 Na4 19.Nd2 Rfb8 20.Nb3 a5 21.f6 Bf8 22.Bc4
Bxc4 23.Qxc4 Nb6 24.Qe2 a4 25.Nd2 Nd5 26.Ne4 Qc6 27.Bc1 dxe5 28.dxe5 b3 
29.cxb3 axb3 30.a3 Ra4 31.Rfe1 Bxa3 32.Rd3 Rxe4 33.Qd2 Rxe1 34.bxa3 Rxc1+ 
35.Qxc1 Qxc1+ 36.Kxc1 c5 0-1

[Event "36th Rilton Cup"]
[Site "Stockholm SWE"]
[Date "2006.12.31"]
[Round "5.10"]
[White "Cicak, Slavko"]
[Black "Nithander, Victor"]
[Result "1-0"]
[WhiteElo "2545"]
[BlackElo "2401"]
[EventDate "2006.12.27"]
[PlyCount "79"]

1.d4 g6 2.e4 Bg7 3.c3 d6 4.Nf3 Nd7 5.Bc4 e6 6.Qe2 Ne7 7.Bf4 h6 8.h3 O-O 9.
Nbd2 e5 10.dxe5 dxe5 11.Be3 Nc6 12.b4 Qe7 13.O-O Nd8 14.Rfd1 Ne6 15.Nf1 
Kh7 16.Ng3 Nf4 17.Qd2 Qf6 18.Nh2 h5 19.Ne2 Nb6 20.Bb3 Nxe2+ 21.Qxe2 Bh6 
22.c4 Bxe3 23.Qxe3 Be6 24.c5 Nc8 25.Nf3 Kg7 26.Qc3 Re8 27.Bxe6 Qxe6 28.Rd5
f6 29.Rad1 Ne7 30.Rd7 Rac8 31.a4 a6 32.b5 axb5 33.axb5 g5 34.Qe3 Kg6 35.b6
Nc6 36.bxc7 Nd4 37.Rd6 Nxf3+ 38.Qxf3 Qe7 39.Qf5+ Kg7 40.Rd7 1-0

[Event "36th Rilton Cup"]
[Site "Stockholm SWE"]
[Date "2006.12.31"]
[Round "5.11"]
[White "Steneskog, Per"]
[Black "Brynell, Stellan"]
[Result "0-1"]
[WhiteElo "2246"]
[BlackElo "2624"]
[EventDate "2006.12.27"]
[PlyCount "44"]

1.d4 Nf6 2.c4 e6 3.Nc3 Bb4 4.Qc2 O-O 5.a3 Bxc3+ 6.Qxc3 Ne4 7.Qc2 f5 8.e3 
b6 9.Bd3 Bb7 10.Ne2 Qh4 11.Ng3 d6 12.d5 exd5 13.cxd5 Bxd5 14.Qxc7 Nc5 15.
Be2 Bxg2 16.b4 Qf6 17.bxc5 Qxa1 18.cxd6 Nd7 19.Bc4+ Kh8 20.Kd2 Ne5 21.Nh5 
Nxc4+ 22.Qxc4 Bxh1 0-1